Porto, mint turisztikai desztináció A borturizmus szerepe és a fenntarthatóság kihívásai

Bibliográfiai részletek
Szerző: Köteles Vanda Klára
További közreműködők: Szeidl Dr. Klaudia
Dokumentumtípus: Diplomadolgozat
Kulcsszavak:borturizmus
fenntartható turizmus
fenntarthatóság
Porto
portugália
városi turizmus
Online Access:http://dolgozattar.uni-bge.hu/59746

MARC

LEADER 00000nta a2200000 i 4500
001 dolg59746
005 20260409145517.0
008 260409suuuu hu om 000 hun d
040 |a BGE Dolgozattár Repozitórium  |b hun 
041 |a hu 
100 1 |a Köteles Vanda Klára 
245 1 0 |a Porto, mint turisztikai desztináció  |b A borturizmus szerepe és a fenntarthatóság kihívásai  |c Köteles Vanda Klára  |h [elektronikus dokumentum] 
520 3 |a A szakdolgozat célja, hogy részletesen elemezze Porto városának turizmusát, különös figyelmet fordítva a borturizmus szerepére és a fenntarthatósági kihívásokra. Porto, Portugália második legnagyobb városa, a borászatok és a kulturális események révén a turizmus egyik meghatározó desztinációjává vált. A dolgozat kiemeli a borturizmus hatását a város gazdaságára, társadalmi életére és a fenntartható fejlődésre, illetve a szektor jelenlegi nehézségeit. A fenntarthatóság kérdései, különösen a túlturizmus, az infrastruktúra túlterhelése és a természeti, valamint kulturális örökség megőrzése komoly kihívásokat jelent a város számára. A dolgozat célja ezeknek a kihívásoknak a feltárása, valamint a fenntarthatóság érdekében alkalmazott intézkedések és stratégiák vizsgálata. 
695 |a borturizmus 
695 |a fenntartható turizmus 
695 |a fenntarthatóság 
695 |a Porto 
695 |a portugália 
695 |a városi turizmus 
700 1 |a Szeidl Dr. Klaudia  |e ths 
856 4 0 |u http://dolgozattar.uni-bge.hu/59746/1/K%C3%B6teles%20Vanda%20Kl%C3%A1ra%20DFO643%20-%20Szakdolgozat.pdf  |z Dokumentum-elérés 
856 4 0 |u http://dolgozattar.uni-bge.hu/59746/2/koteles_vanda_opponens_nagy_gabriella.pdf  |z Dokumentum-elérés 
856 4 0 |u http://dolgozattar.uni-bge.hu/59746/3/koteles_vanda_konzulens_szeidl.pdf  |z Dokumentum-elérés